02048cas a2200421 450000100090000000300060000900500170001500700030003200800410003501000310007602200170010703500240012403700100014804000830015804200140024105000150025511000760027021000310034622200400037724500410041726000680045830000250052631000380055132100290058936200160061844000620063450000650069650004150076159001030117665000340127965000480131370000330136190600450139493600320143994200300147199900170150195201080151810545037AUA.120130528120532.0t|850720c19639999miufr p 0 a0eng c a 74645601 zsc 76000812  a0003-298021 a(OCoLC)ocm01780045  b49104 aMnMULScMnMULSdMBTIdNSDPdDLCdOCoLCdAIPdNSDPdAIPdOCoLCdDLCdTNJdOCoLC ansdpapcc00aBR1b.A53a2 aAndrews University.bSeventh-Day Adventist Theological Seminary.9366330 aAndrews Univ. Semin. stud. 0aAndrews University Seminary studies10aAndrews University Seminary studies. aBerrien Springs, Mich.,bAndrews University Press.cSpring 2010 bill.c23 cm.a160p.; a2 issues yearly,b aFrequency varies,b1963-0 aSpring 2010 aAndrews University Seminary studies.vVol.48, No.1936634 a"Journal of the Seventh-Day Adventist Theological Seminary." aContents: The gospel according to Moses and Elijah; For the healing of the nations: Repairers of broken walls and restorers of God's justice; Factor analysis: A new method for classifying new testament greek manuscripts; Investigating the presuppositional realm of biblical-theological methodology, Part III: Application and comparison; Growing disciples in community: A review of scripture and social science; aAnnual, 1963-64; 2 no. a year, 1965-. "Journal of the Seventh-day Adventist Theological Seminary." 0aTheologyvPeriodicals.936635 0aTheological seminariesxPeriodicals.936636 aJohn W. ReeveeEditor936637 a7bcbccserialsduencipf19gn-oclcserc aSpring 1995 (surrogate) LIC 2lcccPERhBR1i.A53a 2010 c10231d10231 00102lcc4070aAUA.1bAUA.1cPERd2013-05-28l0oBR1 .A53a 2010r2013-05-28 00:00:00w2013-05-28yPER